Electronic devices and applications / (Record no. 39716)
[ view plain ]
| 000 -LEADER | |
|---|---|
| fixed length control field | 00823nam a22002177a 4500 |
| 005 - DATE AND TIME OF LATEST TRANSACTION | |
| control field | 20100806123653.0 |
| 010 ## - LCCN (DPL NO) | |
| LC control number | ENG-98589 |
| 020 ## - INTERNATIONAL STANDARD BOOK NUMBER | |
| International Standard Book Number | 9789380439112 |
| Terms of availability | 90.00 |
| 035 ## - SYSTEM CONTROL NUMBER | |
| System control number | EN-82122 |
| 037 ## - SOURCE OF ACQUISITION | |
| Source of stock number/acquisition | DBAD/PUB |
| 082 ## - DEWEY DECIMAL CLASSIFICATION NUMBER | |
| Classification number | 621.3815 |
| 100 ## - MAIN ENTRY--PERSONAL NAME | |
| Personal name | Thirumoorthy, P. |
| 245 ## - TITLE STATEMENT | |
| Title | Electronic devices and applications / |
| Statement of responsibility, etc | by P. Thirumoorthy |
| 260 ## - PUBLICATION, DISTRIBUTION, ETC. (IMPRINT) | |
| Place of publication, distribution, etc | Erode (Tamilnadu) |
| Name of publisher, distributor, etc | Kongunadu Literature |
| Date of publication, distribution, etc | 2009 |
| 270 ## - ADDRESS | |
| Address | 93, Chinnamuthu Main Street, E. K. Valsu |
| City | Erode (Tamilnadu) |
| Postal code | 638011 |
| 300 ## - PHYSICAL DESCRIPTION | |
| Extent | vi, 110p. |
| Dimensions | 21cm (pbk) |
| 650 ## - SUBJECT ADDED ENTRY--TOPICAL TERM | |
| Topical term or geographic name as entry element | Electronic appartus application |
| 650 ## - SUBJECT ADDED ENTRY--TOPICAL TERM | |
| Topical term or geographic name as entry element | Solid state electronic |
| 942 ## - ADDED ENTRY ELEMENTS (KOHA) | |
| Source of classification or shelving scheme | Dewey Decimal Classification |
| Item type | English Books |
| Classification part | 621.3815 |
| Call number suffix | THI |
| Withdrawn status | Lost status | Not for loan | Collection code | Home library | Current library | Date acquired | Source of acquisition | Cost, normal purchase price | Full call number | Barcode | Copy number | Cost, replacement price | Koha item type |
|---|---|---|---|---|---|---|---|---|---|---|---|---|---|
| Not For Loan | Non-fiction | D.B.Act.Division | D.B.Act.Division | 06/08/2010 | DBAD/PUB | 90.00 | 621.3815 THI | EN-82122 | 1 | 90.00 | English Books |
